| Tag |
First Indicator |
Second Indicator |
Subfields |
| LEADER |
00000cam a22000004a 4500 |
| 001 |
in00002199521 |
| 005 |
20151104101122.0 |
| 008 |
060316s2006 nmuab bc s000 0 eng |
| 010 |
|
|
|a 2006009095
|
| 020 |
|
|
|a 0890134898 (pbk., jacket : alk. paper)
|
| 024 |
3 |
|
|a 9780890134894
|
| 029 |
1 |
|
|a YDXCP
|b 2441900
|
| 035 |
|
|
|a (OCoLC)ocm65204955
|
| 035 |
|
|
|a (OCoLC)65204955
|
| 040 |
|
|
|a DLC
|c DLC
|d YDXCP
|d BAKER
|d TOZ
|d OCLCQ
|d UtOrBLW
|
| 042 |
|
|
|a pcc
|
| 043 |
|
|
|a a-ii---
|a n-us-nm
|
| 049 |
|
|
|a TXAM
|
| 050 |
0 |
0 |
|a NK1048.W4
|b K67 2006
|
| 082 |
0 |
0 |
|a 745.0954/14
|2 22
|
| 100 |
1 |
|
|a Korom, Frank J.
|
| 245 |
1 |
0 |
|a Village of painters :
|b narrative scrolls from West Bengal /
|c by Frank J. Korom ; photographs by Paul J. Smutko.
|
| 264 |
|
1 |
|a Santa Fe :
|b Museum of New Mexico Press,
|c [2006]
|
| 264 |
|
4 |
|c ©2006
|
| 300 |
|
|
|a 119 pages :
|b illustrations (chiefly color), map ;
|c 30 cm.
|
| 336 |
|
|
|a text
|b txt
|2 rdacontent
|
| 337 |
|
|
|a unmediated
|b n
|2 rdamedia
|
| 338 |
|
|
|a volume
|b nc
|2 rdacarrier
|
| 500 |
|
|
|a Issued in connection with an exhibition held Oct. 29, 2006-Apr. 29, 2007, Museum of International Folk Art, Santa Fe, New Mexico.
|
| 504 |
|
|
|a Includes bibliographical references (pages 117-119).
|
| 505 |
0 |
|
|a Prelude -- An evolving genre -- Who are the Patua? -- Naya and its environs -- The scrolls : types, technique, and style -- Modern life and change -- Plates : sacred selections and profane portraits.
|
| 650 |
|
0 |
|a Folk art
|z India
|z West Bengal
|v Exhibitions.
|
| 650 |
|
0 |
|a Narrative painting, Indic
|z India
|z West Bengal
|v Exhibitions.
|
| 650 |
|
0 |
|a Scrolls, Indic
|z India
|z West Bengal
|v Exhibitions.
|
| 650 |
|
0 |
|a Juang (Indic people)
|z India
|z West Bengal
|v Exhibitions.
|
| 650 |
|
0 |
|a Scrolls
|z New Mexico
|z Santa Fe
|v Exhibitions.
|
| 610 |
2 |
0 |
|a Museum of International Folk Art (N.M.)
|v Exhibitions.
|
| 856 |
4 |
1 |
|3 Table of contents
|u http://www.loc.gov/catdir/toc/ecip0610/2006009095.html
|t 0
|
| 938 |
|
|
|a YBP Library Services
|b YANK
|n 2441900
|
| 938 |
|
|
|a Baker & Taylor
|b BKTY
|c 29.95
|d 22.46
|i 0890134898
|n 0006896187
|s active
|
| 945 |
|
|
|a PromptCat
|
| 946 |
|
|
|a stk
|
| 947 |
|
|
|a A14835032047
|
| 948 |
|
|
|a cataloged
|b h
|c 2006/12/9
|d c
|e rbarron
|f 5:19:37 pm
|
| 994 |
|
|
|a 92
|b TXA
|
| 999 |
|
|
|a MARS
|
| 999 |
f |
f |
|s a36f6575-6b96-3d08-a792-5935630c38f5
|i e5a40998-8a3e-3f5b-84f5-3fd21e3e4083
|t 0
|
| 952 |
f |
f |
|p normal
|a Texas A&M University
|b College Station
|c Sterling C. Evans Library
|d Evans: Library Stacks
|t 0
|e NK1048.W4 K67 2006
|h Library of Congress classification
|i unmediated -- volume
|m A14835032047
|
| 998 |
f |
f |
|a NK1048.W4 K67 2006
|t 0
|l Evans: Library Stacks
|